LEADER 01581nam 2200373 n 450 001 996390619203316 005 20221108011828.0 035 $a(CKB)4940000000101530 035 $a(EEBO)2240905534 035 $a(UnM)99838495 035 $a(EXLCZ)994940000000101530 100 $a19901106d1624 uy | 101 0 $aeng 135 $aurbn||||a|bb| 200 02$aA strange and wonderfull prognostication: or rather, prenomination of those accidents which shall, or at least are likely to happen$b[electronic resource] $eas may be coniectured by the rules and directions of astrology, in this yeare 1624. Written by Anthonio Magini, an Italian professor of the mathematickes, and much experienced in astonomy. And now faithfully translated into English 210 $aPrinted at London $c[By E. Allde?] for Nathanael Butter$d1624 215 $a[4], 31, [1] p 300 $aPrinter's name from STC. 300 $aPrint faded and show-through; some pages stained. 300 $aReproduction of the original in the British Library. 330 $aeebo-0018 606 $aProphecies$vEarly works to 1800 606 $aAstrology$vEarly works to 1800 615 0$aProphecies 615 0$aAstrology 700 $aMagini$b Giovanni Antonio$f1555-1617.$055127 801 0$bCu-RivES 801 1$bCu-RivES 801 2$bCStRLIN 801 2$bWaOLN 906 $aBOOK 912 $a996390619203316 996 $aA strange and wonderfull prognostication: or rather, prenomination of those accidents which shall, or at least are likely to happen$92365503 997 $aUNISA